Statistics for All Lil Uzi Vert Songs

Click here to take the quiz!

General Stats

  • This quiz has been taken 570 times
    (101 since last reset)
  • The average score is 66 of 141

Answer Stats

Body of WorkSong% Correct
Luv Is Rage 2X
93%
Luv Is Rage 1.5XO Tour Llif3
88%
Luv Is Rage 2Two®
85%
Eternal AtakeBaby Pluto
84%
Lil Uzi Vert vs. the WorldMoney Longer
82%
Eternal AtakeP2
78%
Eternal AtakeLo Mein
78%
Single #4Sanguine Paradise
77%
Lil Uzi Vert vs. the WorldPs & Qs
77%
Eternal AtakeThat Way
74%
Eternal AtakeFutsal Shuffle 2020
73%
Luv Is Rage 2Sauce It Up
73%
Luv Is Rage 2The Way Life Goes
73%
Luv Is Rage 2Dark Queen
73%
Eternal AtakeSilly Watch
72%
Luv Is Rage7AM
72%
Single #7Patek
72%
Single #3That's a Rack
70%
Eternal AtakeMyron
70%
Luv Is Rage 2Neon Guts
69%
Lil Uzi Vert vs. the WorldYou Was Right
69%
Eternal AtakeVenetia
69%
Eternal AtakeCelebration Station
69%
Single #5Sasuke
69%
Eternal Atake | The Real UziI'm Sorry
69%
Single #6Over Your Head
69%
Luv Is RageTop
68%
The Perfect Luv TapeDo What I Want
68%
Luv Is Rage 2444+222
68%
Eternal AtakePrices
68%
Eternal AtakeHomecoming
66%
Eternal AtakeBigger Than Life
66%
Eternal AtakeUrgency
66%
The Perfect Luv TapeErase Your Social
66%
Eternal AtakeTrap This Way (This Way)
66%
Eternal AtakeBean (Kobe)
65%
1017 vs. The World | Eternal AtakeSecure the Bag
65%
Single #1New Patek
65%
Lil Uzi Vert vs. the WorldCanadian Goose
65%
Eternal AtakeCome This Way
64%
Eternal AtakePop
64%
Eternal AtakeLotus
62%
Lil Uzi Vert vs. the WorldqTeam Rocket
62%
Eternal AtakeLeaders
61%
Eternal AtakeYou Better Move
59%
Luv Is RageParadise
59%
Eternal AtakeBust Me
58%
Lil Uzi Vert vs. the WorldHi Roller
58%
Eternal AtakeYessirskiii
58%
The Perfect Luv TapeSeven Million
57%
Lil Uzi Vert vs. the WorldScott and Ramona
57%
Luv Is Rage 2UnFazed
57%
Eternal AtakeStrawberry Peels
57%
Pluto x Baby PlutoThat's It
55%
Luv Is Rage 2How to Talk
55%
Luv Is Rage 2Pretty Mami
55%
Eternal AtakeGot the Guap
55%
The Perfect Luv TapeAlfa Romeo AW30 (I Can Drive)
55%
The Perfect Luv TapeOf Course We Ghetto Flowers
55%
Eternal AtakeNo Auto
54%
Eternal AtakeWassup
54%
Pluto x Baby PlutoStripes Like Burberry
54%
Eternal AtakeMoon Relate
54%
The Perfect Luv TapeRonda (Winners)
54%
Luv Is Rage 2For Real
54%
Luv Is Rage 2No Sleep Leak
54%
Lil Uzi Vert vs. the WorldGrab the Wheel
53%
The Perfect Luv TapeSideline Watching (Hold Up)
53%
Luv Is Rage 2Malfunction
51%
The Perfect Luv TapeOriginal Uzi (4 of Us)
51%
Luv Is Rage 2Feelings Mutual
51%
Pluto x Baby PlutoReal Baby Pluto
51%
The Perfect Luv TapeMoney Mitch
50%
Luv Is RageSafe House
50%
Lil Uzi Vert vs. the WorldBaby Are You Home
50%
Luv Is RageSuper Saiyan
50%
Eternal AtakeMoney Spread
50%
The Perfect Luv TapeYou're Lost
50%
Luv Is Rage 2Early 20 Rager
49%
Pluto x Baby PlutoDrankin N Smokin
49%
Eternal AtakeI Can Show You
49%
Pluto x Baby PlutoMarni on Me
47%
Luv Is RageYamborghini Dream
47%
Pluto x Baby PlutoLullaby
47%
Pluto x Baby PlutoPlastic
46%
Luv Is RageEnemies
46%
Luv Is RageBanned from TV
45%
Pluto x Baby PlutoI Don't Wanna Break Up
43%
Luv Is RageAll My Chains
43%
Pluto x Baby PlutoMillion Dollar Play
42%
Pluto x Baby PlutoShe Never Been to Pluto
42%
Pluto x Baby PlutoBankroll
42%
Pluto x Baby PlutoSleeping on the Floor
41%
Luv Is RageRight Now
39%
Pluto x Baby PlutoRockstar Chainz
38%
Pluto x Baby PlutoBought a Bad B***h
36%
Single #2Free Uzi
35%
Pluto x Baby PlutoMoment of Clarity
32%
Luv Is RageBelly
31%
Luv Is Rage 1.5YSL
24%
The Real UziU.Z.I.
20%
Luv Is Rage 1.5Boring Sh*t
20%
Luv Is RageWit My Crew / 1987
18%
Pluto x Baby PlutoF-Off Dat
18%
1017 vs. The WorldFresh
18%
Luv Is RageMoist
16%
Purple Thoughtz EP Vol. 1White Sh*t
16%
Luv Is RageQueso
16%
1017 vs. The WorldToday
16%
1017 vs. The WorldChanged My Phone
16%
Luv Is RageBallin' to the End
15%
The Real UziSenor Guapo
15%
Luv Is Rage 1.5Luv Scars K.o 1600
15%
1017 vs. The WorldThreesome
15%
1017 vs. The WorldBlonde Brigitte
15%
The Real UziDecapitator
15%
The Real UziTropics
15%
The Real UziUzi Intro
14%
The Real UziWe On It
14%
The Real UziUnderstand
14%
The Real UziTrunk Got Birdies
14%
Purple Thoughtz EP Vol. 1Puff
14%
The Real UziI Don't Know Nuffin
14%
The Real UziWhat You Off
14%
The Real UziDumber
14%
The Real UziAs!an Chicks
14%
The Real UziPlugged In
14%
The Real UziLike 50
14%
Purple Thoughtz EP Vol. 1We Workin
14%
1017 vs. The WorldIn 04
14%
The Real UziTrappin Work
14%
Purple Thoughtz EP Vol. 1Don't Stop
12%
Eternal AtakeChrome Hearts Tags
12%
Purple Thoughtz EP Vol. 1I Got Bandz
12%
Purple Thoughtz EP Vol. 1Cartel
12%
Purple Thoughtz EP Vol. 1Did It On My Own
12%
The Real UziWhippin' by A$AP Ant
12%
Purple Thoughtz EP Vol. 1GG intro
11%
Luv Is RageNuyork Night At 21
9%

Score Distribution

Percentile by Number Answered

Percent of People with Each Score

Your Score History

You have not taken this quiz since the last reset